000 01010nam a2200265Ia 4500
003 OSt
005 20220923211005.0
006 a|||||r|||| 00| 0
007 ta
008 220922b |||||||| |||| 00| 0 hin d
020 _a8170165997 (hbk)
_c600
024 _a280,508
037 _b20310, 22/02/2014, Prashant Book Distributors
_cTextual
040 _aARTS
_cARTS
_bhin
041 _2hin
_ahin
082 _aO152,6M64:g, P3
100 _aयायावर, भारत
_9156911
245 0 _aमहावीरप्रसाद द्विवेदी का महत्त्व
246 _ahināvīraprasād dvivedī kā hinattva
260 _aनयी दिल्ली
_b किताबघर प्रकाशन
_c2003
300 _a495पृ.
_ccm.
650 _aहिन्दी साहित्य
_9156264
942 _hO152,6M64:g, P3
_cTEXL
_2CC
999 _c293611
_d293611